000 00534nam a2200193Ia 4500
005 20250508151845.0
008 008 250505s9999 xx 000 0 eng d
037 _aTextual
040 _aFEDL
_beng
_cFEDL
041 _aeng
_2eng
084 _a371.71, FLO
_qFEDL
100 _aFlorio A E
_9346582
245 0 _aSafety education
260 _aNew York, USA
_bMcGraw-Hill Book Company
_c1956
300 _aviii,327p.
700 _a Stafford G T
_9760167
942 _cTEXL
_h371.71, FLO
999 _c1332539
_d1332539